header

Three Genres (Record no. 252101)

MARC details
000 -LEADER
fixed length control field 00206nam a22001097a 4500
020 ## - INTERNATIONAL STANDARD BOOK NUMBER
ISBN 013920430x
100 ## - MAIN ENTRY--AUTHOR NAME
Personal name Minot, Stephen
245 ## - TITLE STATEMENT
Title Three Genres
260 ## - PUBLICATION, DISTRIBUTION, ETC. (IMPRINT)
Year of publication 1987
300 ## - PHYSICAL DESCRIPTION
Number of Pages 368p
942 ## - ADDED ENTRY ELEMENTS (KOHA)
Koha item type Long Loan Books
Holdings
Withdrawn status Lost status Home library Current library Shelving location Date acquired Full call number Accession Number Koha item type
    Rongo University Library Rongo University Library General Stacks 22/01/2016 PN145.M5 1987 20168578 Long Loan Books

© 2026 Rongo University
Contact us: librarian | system librarian | Rongo university